Understanding and applying the Bible / (Record no. 15108)

MARC details
000 -LEADER
fixed length control field 01807cam a2200325 a 4500
001 - CONTROL NUMBER
control field 15669269
003 - CONTROL NUMBER IDENTIFIER
control field AUA.1
005 - DATE AND TIME OF LATEST TRANSACTION
control field 20160729111231.0
008 - FIXED-LENGTH DATA ELEMENTS--GENERAL INFORMATION
fixed length control field 090323s2009 ilua b 001 0 eng
010 ## - LIBRARY OF CONGRESS CONTROL NUMBER
LC control number 2009011892
020 ## - INTERNATIONAL STANDARD BOOK NUMBER
International Standard Book Number 9780802490926
020 ## - INTERNATIONAL STANDARD BOOK NUMBER
International Standard Book Number 0802490921
035 ## - SYSTEM CONTROL NUMBER
System control number (OCoLC)ocn301890096
040 ## - CATALOGING SOURCE
Original cataloging agency DLC
Transcribing agency DLC
Modifying agency BTCTA
-- DTM
-- DLC
050 00 - LIBRARY OF CONGRESS CALL NUMBER
Classification number BS476
Item number .M35 2009
082 00 - DEWEY DECIMAL CLASSIFICATION NUMBER
Classification number 220.601
Edition number 22
100 1# - MAIN ENTRY--PERSONAL NAME
Personal name McQuilkin, J. Robertson,
Dates associated with a name 1927-
245 10 - TITLE STATEMENT
Title Understanding and applying the Bible /
Statement of responsibility, etc Robertson McQuilkin.
250 ## - EDITION STATEMENT
Edition statement Rev. and exp.
260 ## - PUBLICATION, DISTRIBUTION, ETC. (IMPRINT)
Place of publication, distribution, etc Chicago, IL. :
Name of publisher, distributor, etc Moody Publishers,
Date of publication, distribution, etc c2009.
300 ## - PHYSICAL DESCRIPTION
Extent 382 p. ;
Other physical details ill. ;
Dimensions 23 cm.
504 ## - BIBLIOGRAPHY, ETC. NOTE
Bibliography, etc Includes bibliographical references (p. [353]-356) and indexes.
505 0# - FORMATTED CONTENTS NOTE
Formatted contents note Presupposition of biblical interpretation -- Supernaturalistic approaches of premoderns -- The naturalistic approaches of moderns -- The naturalistic approaches of postmoderns -- Dogmatic approaches -- Basic principles for understanding the Bible -- Understanding human language -- Historical, physical, and cultural setting -- A method of word study -- Analyzing thought structure -- Examining the context -- Figurative language -- Parables Hebrew poetry -- Unity of Scripture -- Coherence of truth -- Approach to alleged discrepancies -- Biblical prophecy -- Identifying the audience God intended -- Identifying the response God desires.
630 00 - SUBJECT ADDED ENTRY--UNIFORM TITLE
Uniform title Bible
General subdivision Hermeneutics.
630 00 - SUBJECT ADDED ENTRY--UNIFORM TITLE
Uniform title Bible
General subdivision Criticism, interpretation, etc.
856 41 - ELECTRONIC LOCATION AND ACCESS
Materials specified Table of contents only
906 ## - LOCAL DATA ELEMENT F, LDF (RLIN)
a 7
b cbc
c orignew
d 1
e ecip
f 20
g y-gencatlg
942 ## - ADDED ENTRY ELEMENTS (KOHA)
Source of classification or shelving scheme Library of Congress Classification
Koha item type Books
Classification part BS 476
Item part .M35 2009
Holdings
Withdrawn status Lost status Source of classification or shelving scheme Damaged status Not for loan Collection code Home library Current library Shelving location Date acquired Source of acquisition Cost, normal purchase price Serial Enumeration / chronology Total Checkouts Full call number Barcode Date last seen Date checked out Cost, replacement price Price effective from Koha item type
    Library of Congress Classification     Books Judith Thomas Library Judith Thomas Library General Stacks 29/07/2016 Bought by JTL 13.95 AUA018277 3 BS 476 .M35 2009 AUA018277 18/03/2024 17/03/2024 13.95 29/07/2016 Books